Faculty of Law Library — Cairo University

Official Online Catalog

Constitutional dialogues in comparative perspective / (Record no. 46298)

MARC details
000 -LEADER
fixed length control field 01154nac a2200337 i 4500
003 - CONTROL NUMBER IDENTIFIER
control field EG-GICUC
005 - DATE AND TIME OF LATEST TRANSACTION
control field 20260121101349.0
008 - FIXED-LENGTH DATA ELEMENTS--GENERAL INFORMATION
fixed length control field 251126b1999 enk||||fr|||| 00| 0 eng d
020 ## - INTERNATIONAL STANDARD BOOK NUMBER
International Standard Book Number 0312217676
020 ## - INTERNATIONAL STANDARD BOOK NUMBER
International Standard Book Number 9780333736906
040 ## - CATALOGING SOURCE
Original cataloging agency EG-GiCUC
Language of cataloging eng
Transcribing agency EG-GiCUC
Modifying agency EG-GiCUC
Description conventions rda
082 04 - DEWEY DECIMAL CLASSIFICATION NUMBER
Edition number 21
Classification number 342.040
092 04 - LOCALLY ASSIGNED DEWEY CALL NUMBER (OCLC)
Edition number 21
099 ## - LOCAL FREE-TEXT CALL NUMBER (OCLC)
Classification number Law 08 1999
245 00 - TITLE STATEMENT
Title Constitutional dialogues in comparative perspective /
Statement of responsibility, etc. edited by Sally J. Kenney, William M. Reisinger and John C. Reitz ; Foreword by J. H. H. Weiler.
264 ## - PRODUCTION, PUBLICATION, DISTRIBUTION, MANUFACTURE, AND COPYRIGHT NOTICE
Place of production, publication, distribution, manufacture London :
Name of producer, publisher, distributor, manufacturer Macmilan Press LTD,
Place of production, publication, distribution, manufacture New York :
Name of producer, publisher, distributor, manufacturer ST. Martin's Press,
Date of production, publication, distribution, manufacture, or copyright notice 1999.
300 ## - PHYSICAL DESCRIPTION
Extent xix. 254 pages :
Dimensions 24 cm
336 ## - CONTENT TYPE
Source rda content
Content type term text
337 ## - MEDIA TYPE
Source rda media
Media type term Computer
338 ## - CARRIER TYPE
Source rda carrier
Carrier type term Online Resource
500 ## - GENERAL NOTE
General note includes index.
650 10 - SUBJECT ADDED ENTRY--TOPICAL TERM
Topical term or geographic name entry element Dialogues
650 10 - SUBJECT ADDED ENTRY--TOPICAL TERM
Topical term or geographic name entry element Judicial review
Geographic subdivision Europe
650 10 - SUBJECT ADDED ENTRY--TOPICAL TERM
Topical term or geographic name entry element Constitutional law
Geographic subdivision Europe
700 1# - ADDED ENTRY--PERSONAL NAME
Personal name Kenney, Sally J.,
Relator term editor.
700 1# - ADDED ENTRY--PERSONAL NAME
Personal name Reisinger, William M.,
Relator term editor.
700 1# - ADDED ENTRY--PERSONAL NAME
Personal name Reitz, John C.,
Relator term editor.
856 40 - ELECTRONIC LOCATION AND ACCESS
Uniform Resource Identifier <a href="https://fll.law.cu.edu.eg/fulltext/bks/ENGB08-00039.pdf">https://fll.law.cu.edu.eg/fulltext/bks/ENGB08-00039.pdf</a>
905 ## - Cataloger and Reviser Names
Cataloger Name: Hend El khosy
942 ## - ADDED ENTRY ELEMENTS (KOHA)
Source of classification or shelving scheme Dewey Decimal Classification
Koha item type Books
Edition 21
Suppress in OPAC No
Holdings
Withdrawn status Lost status Source of classification or shelving scheme Damaged status Not for loan Collection Home library Current library Date acquired Total checkouts Full call number Barcode Date last seen Copy number Price effective from Koha item type Public note
    Dewey Decimal Classification     القانون الدستوري جــــامعة القــاهرة مكتبة كلية الحقوق - فـرع الشيخ زايد 26.11.2025   Law2 08 342.040 CO 1999 0800039 C1 ENGB08-00039 26.11.2025 1 26.11.2025 Books 1550

© All rights reserved — Faculty of Law, Cairo University